Welcome to the Holygrace Academy Library

Please use search bar below to get started

SCUBA DIVING (Record no. 6236)

MARC details
000 -LEADER
fixed length control field 00250nam a22001217a 4500
020 ## - INTERNATIONAL STANDARD BOOK NUMBER
ISBN 0-86313-682-6
082 ## - DEWEY DECIMAL CLASSIFICATION NUMBER
Classification number BAR/S
Item number BAR/S
245 ## - TITLE STATEMENT
Title SCUBA DIVING
260 ## - PUBLICATION, DISTRIBUTION, ETC. (IMPRINT)
Place of publication LONDON
Name of publisher FRANKLIN WATTS LTD.
300 ## - PHYSICAL DESCRIPTION
Number of Pages 32
650 ## - SUBJECT ADDED ENTRY--TOPICAL TERM
Topical Term GK
Geographic subdivision LONDON
942 ## - ADDED ENTRY ELEMENTS (KOHA)
Koha item type Books
Holdings
Withdrawn status Lost status Collection code Home library Current library Shelving location Date acquired Source of acquisition Full call number Accession Number Koha item type
    G.K Main Library Main Library SHELF-17E-SCIENCE RELATED BOOKS 11/03/2002 PURCHASE BAR/S BAR/S 01283 Books